000 01270nam a2200361 i 4500
001 197980
003 ES-MaACL
005 20260214063020.0
008 251125s2019 sp | |||| 000 1 spa
017 _aM 274-2019
_bOficina Depósito Legal Madrid
020 _a978-84-9181-410-8
040 _aES-MaACL
_bspa
_cES-MaACL
_erda
080 _a821.111-31"19"
100 1 _aParis, B. A.
_d1958-
_4aut
_9242538
_eaut
240 1 0 _aBring me back.
_lEspañol
_9242793
245 1 0 _aQuédate conmigo /
_cB. A. Paris ; traducido del inglés por Pilar de la Peña Minguell
264 1 _aMadrid :
_bAdN Alianza de Novelas,
_c[2019]
264 4 _c©2019
300 _a291 páginas ;
_c23 cm
336 _aTexto
_2rdacontent
337 _asin mediación
_2rdamedia
338 _avolumen
_2rdacarrier
500 _aÍndice
655 4 _9234410
_aNovelas de suspense
700 1 _aPeña Minguell, Pilar de la
_4trl
_9242539
_etrl
852 _aES-MaACL
_cDEPO1
_jA-15932
_hDonación: José Lázaro García
_xEncuadernación rústica
_9207064
942 _cMONOGRAFIA
_n0
956 _a2
999 _c197980
_d197980